Largest Towns in Alberta - Statistics

General Stats
  • This quiz has been taken 64 times
  • The average score is 6 of 10
Answer Stats
Population Town/City % Correct
1.23M Calgary
98%
0.932M Edmonton
98%
0.100M Red Deer
78%
92 000 Lethbridge
76%
63000 Medicine Hat
67%
63000 Grande Prairie
51%
61000 Airdrie
49%
65000 St. Albert
47%
29 000 Leduc
44%
34000 Spruce Grove
33%
No matching quizzes found
Score Distribution
Percent of People with Each Score
Percentile by Number Answered
Your Score History
You have not taken this quiz